书目信息 |
| 题名: |
鲁迅传
|
|
| 作者: | 王士菁 著 | |
| 分册: | ||
| 出版信息: | 北京 中国青年出版社 1959 |
|
| 页数: | 276页 | |
| 开本: | 19cm | |
| 丛书名: | ||
| 单 册: | ||
| 中图分类: | I210.94 | |
| 科图分类: | ||
| 主题词: | 文学--作品集--中国 | |
| 电子资源: | ||
| ISBN: | ||
| 000 | 00607nam0 2200241 45 | |
| 001 | 0179001921 | |
| 005 | 20040414151145.2 | |
| 010 | @dCNY0.59 | |
| 091 | @a10009.439 | |
| 100 | @a19950718e19791959em y0chiy0121 ea | |
| 101 | 0 | @achi |
| 102 | @aCN@b110000 | |
| 105 | @ay z 000yd | |
| 106 | @ar | |
| 200 | 10 | @a鲁迅传@Alu xun zhuan@f王士菁著 |
| 210 | @a北京@c中国青年出版社@d1959@h1979重印 | |
| 215 | @a276页@d19cm | |
| 600 | 0 | @a鲁迅@x生平事迹 |
| 606 | 0 | @a文学@x作品集@x中国 |
| 690 | @aI210.94 | |
| 701 | 0 | @a王士菁@Awang shi jing@4著 |
| 801 | 0 | @aCN@bNLC@c20040414 |
| 905 | @f1@b12992@dI210.94@e5 | |
| 鲁迅传/王士菁著.-北京:中国青年出版社,1959(1979重印) |
| 276页;19cm |
| ISBN :CNY0.59 |
| ● |
| 相关链接 |
|
|
|
|
正题名:鲁迅传
索取号:I210.94/5
 
预约/预借
| 序号 | 登录号 | 条形码 | 馆藏地/架位号 | 状态 | 备注 |
| 1 | 0012992 | 000530795 | 修补库/ [索取号:I210.94/5] | 在馆 |